|
|
|
|
| LEADER |
00000cam a2200000 a 4500 |
| 001 |
1472 |
| 005 |
20230308155948.0 |
| 008 |
000000| ||||||||r|||||||||||spa|| |
| 040 |
|
|
|b spa
|
| 041 |
1 |
|
|a spa
|
| 082 |
0 |
|
|a 340.9
|
| 100 |
1 |
|
|a Asser, T. M. C.
|d 1838-1913
|9 15284
|
| 245 |
|
|
|a Derecho internacional privado
|c T. M. C. Asser. traducción de Joaquí Fernández Prida
|h imp
|
| 264 |
|
|
|a Madrid
|b La España Moderna
|c s.f.
|
| 300 |
|
|
|a 298 páginas:
|c 21.5 cm
|
| 504 |
|
|
|a incl. ref.
|
| 650 |
|
4 |
|a Derecho internacional
|9 1507
|
| 852 |
|
|
|a UC-CDJBV
|c ESTANTERIA CERRADA
|f Compra
|k margarita.gutierrez
|l 1
|m Limitada
|p 00000000
|q 20.00
|t 1472
|y 64659
|b 1
|d CDRC
|e CDRC
|g 340.9 ESTANTERIA CERRADA
|z 0000-00-00
|
| 856 |
|
|
|a http://sibuc.ucuenca.edu.ec/portada/1472-cdj.jpg
|
| 942 |
|
|
|c BK
|
| 999 |
|
|
|c 8383
|d 8383
|